Amendments to the Administrative Procedure Act. Comparison of the Act as Proposed to be Amended by S. 1336 with the Existing Law.

Bibliographic Details
Corporate Authors: United States. Congress. Senate. Committee on the Judiciary. Subcommittee on Administrative Practice and Procedure, ProQuest (Firm)
Format: eBook
Language:English
Published: [Place of publication not identified] : [publisher not identified], 1965.
Series:U.S. Congressional Research.
Subjects:
Online Access:Connect to the full text of this electronic book

MARC

Tag First Indicator Second Indicator Subfields
LEADER 00000cam a22000001a 4500
001 in00003303721
006 m d f
007 cr bn mmmapmmp
008 100520s1965 dcu o f000 0 eng d
005 20260501192455.5
035 |a cis2007839805 
040 |a LexisNexis  |c LexisNexis  |d UtOrBLW 
043 |a n-us--- 
099 |a CMP-1965-SJS-0013 
110 1 |a United States.  |b Congress.  |b Senate.  |b Committee on the Judiciary.  |b Subcommittee on Administrative Practice and Procedure. 
245 1 0 |a Amendments to the Administrative Procedure Act. Comparison of the Act as Proposed to be Amended by S. 1336 with the Existing Law. 
264 1 |a [Place of publication not identified] :  |b [publisher not identified],  |c 1965. 
300 |a 1 online resource. 
336 |a text  |b txt  |2 rdacontent 
337 |a computer  |b c  |2 rdamedia 
338 |a online resource  |b cr  |2 rdacarrier 
500 |a Record is based on bibliographic data in LexisNexis U.S. Congressional Research Digital Collection (last viewed May 2010). Reuse except for individual research requires license from LexisNexis. 
500 |a Print. 
500 |a Electronic resource. 
610 1 0 |a United States.  |t Administrative Procedure Act. 
650 0 |a Administrative law. 
655 7 |a Electronic books.  |2 local 
710 2 |a ProQuest (Firm) 
776 0 8 |i Microfiche version:   |a United States. Congress. Senate. Committee on the Judiciary. Subcommittee on Administrative Practice and Procedure.  |t Amendments to the Administrative Procedure Act. Comparison of the Act as Proposed to be Amended by S. 1336 with the Existing Law.  |o S0770 
830 0 |a U.S. Congressional Research. 
856 4 0 |u http://proxy.library.tamu.edu/login?url=https://congressional.proquest.com/congcomp/getdoc?CRDC-ID=CMP-1965-SJS-0013  |z Connect to the full text of this electronic book  |t 0 
999 |a MARS 
999 f f |s bff3fc2e-0c6a-32f1-a917-e8c0cc64a3f0  |i fc118008-9d2d-3028-bcc1-ffa447adabd3  |t 0 
952 f f |a Texas A&M University  |b College Station  |c Electronic Resources  |s www_evans  |d Available Online  |t 0  |e CMP-1965-SJS-0013  |h Other scheme 
998 f f |a CMP-1965-SJS-0013  |t 0  |l Available Online